Elbow Flexors and Extensors Quiz Stats

 Plays Quiz not verified by Sporcle

Challenge
Share
Tweet
Embed
Score 0/6 Timer 10:00
0 Plays Today
First Letter Muscle % Correct
BBiceps
92.7%
TTriceps
92.7%
BBrachialis
85.4%
BBrachioradialis
80.5%
PPronator Teres
68.3%
AAconeus
31.7%

You're not logged in!

Compare scores with friends on all Sporcle quizzes.
OR
Log In

You Might Also Like...

Show Comments

Extras

Created Jan 22, 2012ReportNominate
Tags:Letter Quiz, elbow, Exo, muscle, origin

Top Quizzes Today


Score Distribution

Your Account Isn't Verified!

In order to create a playlist on Sporcle, you need to verify the email address you used during registration. Go to your Sporcle Settings to finish the process.

Report this User

Report this user for behavior that violates our Community Guidelines.

Details: